Valencia y América

Сохранить в:
Библиографические подробности
Главные авторы: Ballesteros-Gaibrois, Manuel (Автор), Ribes Iborra, Vicente (Автор)
Формат:
Язык:испанский
Опубликовано: Madrid MAPFRE 1992
Серии:Colección las Españas y América, 4
Предметы:
Метки: Добавить метку
Нет меток, Требуется 1-ая метка записи!

MARC

LEADER 00000nam a2200000 a 4500
001 UCX6981
003 CL-VaPUC
008 930907e19920000SP |||||||||||||||||spa|d
082 0 4 |a 946.76  |b BAL  |2 21 
100 0 |a Ballesteros-Gaibrois, Manuel  |e author  |9 323689 
700 0 |a Ribes Iborra, Vicente  |e author  |9 323690 
245 1 0 |a Valencia y América 
300 |a 349 p 
942 |c BK 
945 |d 19930907 00:00:00 
260 |a Madrid  |b MAPFRE  |c 1992 
650 7 |a MISIONES ESPAÑOLAS HISTORIA  |2 CL-VaPUC  |9 323691 
650 0 |a Valencianos  |9 323692 
650 7 |a DESCUBRIMIENTO Y EXPLORACIONES ESPAÑOLES  |2 CL-VaPUC  |9 255282 
650 0 |a Historia  |9 255047 
651 0 |a América  |9 255182 
651 7 |a VALENCIA, ESPAÑA  |2 CL-VaPUC  |9 323693 
583 |a last modification  |c 19930907 00:00:00  |k Rodrigo Vera 
490 0 |a Colección las Españas y América, 4 
999 |c 226909  |d 226907 
952 |0 0  |1 0  |4 0  |6 946_760000000000000_BAL_1992  |7 0  |8 A  |9 225565  |a BIBHIS  |b BIBHIS  |d 2019-11-15  |i 294247K  |o 946.76 BAL 1992  |p 294247K  |r 2025-01-20  |w 2019-11-15  |y BK  |k HIS